| 000 | 00836nam a2200253Ia 4500 | ||
|---|---|---|---|
| 003 | OSt | ||
| 005 | 20260310101214.0 | ||
| 008 | 210716s1990 xx 000 0 und d | ||
| 020 | _a70026629 | ||
| 040 | _cAIMIT LIBRARY | ||
| 041 | _aeng | ||
| 082 |
_a511.42 _23 _bAYRF |
||
| 100 |
_aAyres, Frank. _9258366 |
||
| 245 |
_aTheory and problems of differential and integral calculus / _cBy Frank Ayres and Elliott Mendelson. |
||
| 250 | _a3rd ed. | ||
| 260 |
_aNew Delhi : _bMcGraw Hill , _c1990. |
||
| 300 |
_a484p. ; _bPB _c28 cm |
||
| 650 |
_aRules for differentiating functions _9258367 |
||
| 650 |
_aFundamental integration formulas _9258368 |
||
| 650 |
_aApplications of indefinite integrals _9258369 |
||
| 650 |
_aThe definite integral. _9258370 |
||
| 700 |
_aMendelson, Elliott. _9258371 |
||
| 942 |
_2ddc _cBK _e3rd _k511.2 AYRF |
||
| 999 |
_c180733 _d180733 |
||